Introduction to Nuclear and Particle Physics

Gespeichert in:
Bibliographische Detailangaben
Hauptverfasser: Das, A. (Verfasst von), Ferbel, T. (Verfasst von)
Format: Buch
Sprache:Englisch
Veröffentlicht: New Jersey : World Scientific, 2003
Ausgabe:2.ed.
Schlagworte:
Tags: Tag hinzufügen
Keine Tags, Fügen Sie das erste Tag hinzu!

MARC

LEADER 00000nam a22000003a 4500
001 stu175554
005 20150617225559.3
008 081107s1988----xxu-----------------eng-d
020 |a 981-238-744-7 
040 |a STU  |b slo 
041 0 |a eng 
044 |a xxu 
080 |a 539.1 
100 1 |a Das, A.  |4 aut 
245 1 |a Introduction to Nuclear and Particle Physics 
250 |a 2.ed. 
260 |a New Jersey :  |b World Scientific,  |c 2003 
300 |a 399 s 
650 7 |a nukleárna fyzika  |2 stusub 
650 7 |a atómová fyzika  |2 stusub 
650 7 |a elementárne častice  |2 stusub 
700 1 |a Ferbel, T.  |4 aut 
996 |b 284EK87714  |c E*87714  |l EE10  |s P  |a 0  |w stu175554_0001